Music Quiz

Random Music or Song Quiz
Score 0/11 Timer 02:00
0 Plays Today
Title Missing word % Correct
Gotta Be you
99.4%
Everything aboutyou
99.4%
Tell me a Lie
99.4%
Onething
98.3%
Na Na Na
98.3%
Stole myHeart
98.3%
What Makes you Beautiful
97.8%
more than this
97.8%
Standup
94.4%
SameMistakes
93.9%
NO! _______ Protested!Jimmy
91.6%
Remove Ads.
Support Sporcle.
Get the best of Sporcle when you Go Orange. This ad-free experience offers more features, more stats, and more fun while also helping to support Sporcle. Thank you for becoming a member.

You're not logged in!

Compare scores with friends on all Sporcle quizzes.
OR
Log In

Show Comments

Extras

Created Jul 1, 2012ReportNominate
Tags:Song Quiz, direction

Top Quizzes Today


Score Distribution

Your Account Isn't Verified!

In order to create a playlist on Sporcle, you need to verify the email address you used during registration. Go to your Sporcle Settings to finish the process.

Report this User

Report this user for behavior that violates our Community Guidelines.

Details: